000 00376cam a22001217a 4500
008 180718b1989 xxu||||| |||| 00| 0 eng d
082 _aA75 Ut8AZ
245 _aUttar Pradesh district gazetteers: Azamgarh
_cedited by Balwant Singh
260 _aLucknow
_bDepartment of District Gazetteers
_c1989
300 _a310p.
650 _aAzamgarh - Gazetteers
700 _aSingh, Balwant
999 _c486554
_d486554